01217nam a2200193 i 4500001000700000003000900007005001700016007000300033008004100036100005000077245043300127260008500560300002700645500012100672650007100793852002100864999001900885952011900904126909ES-MaACL20230906192913.0t|070214s1920 sp r ||||1| spa d1 aRibelles Comín, José (d1872-1951)99676110aBibliografía de la lengua valenciana b: o sea catálogo razonado por orden alfabético de autores, de los libros, folletos, obras dramáticas, periódicos, coloquios, coplas, chistes, discursos, romances, alocuciones, cantares, gozos, etc., que escritos en lengua valenciana y bilingüe, han visto la luz pública desde el establecimiento de la imprenta en España hasta nuestros días /cpor José Ribelles Comín. aMadrid : b[s. n.], c1920 (fImp. de la Rev. de Archivos, Bibliotecas y Museos) a676 p. ; c27 x 19 cm. aObra premiada en el concurso público celebrado por la Biblioteca Nacional en 1905 e impresa a expensas del Estado. 4aLibros catalanes-zComunidad Valenciana-vBibliografías.9168715 aES-MaACLjB-3414 c126909d126909 00104070aATENEOMbATENEOMcSPBd2008-01-17eSCl0oB-3414p1132184r2023-02-23 00:00:00w2023-02-23yMONOGRAFIA